| 000 | 00000ngm 2200000zi 4500 |
| 001 | 9.925157 |
| 003 | CaOODSP |
| 005 | 20250213134748 |
| 006 | m o c f |
| 007 | cr cna|||||||| |
| 008 | 230718s2023 quc006 fo vl||| d |
| 020 | |a9780660495378 |
| 040 | |aCaOODSP|bfre|erda|cCaOODSP |
| 041 | 7|afcs|2ISO 639-3 |
| 041 | 0 |dfre|pfre |
| 043 | |an-cn--- |
| 086 | 1 |aEm12-100/2023F-MP4 |
| 245 | 00|aAméliorer l'accès à l'interprétation professionnelle en langue des signes - appel de concepts. |
| 264 | 1|a[Gatineau, Québec] : |b[Emploi et développement social Canada], |c[2023] |
| 300 | |a1 ressource en ligne (1 fichier vidéo (5 min., 47 sec.)) : |bsonore, couleur |
| 336 | |aimage animée bidimensionnelle|btdi|2rdacontent/fre |
| 337 | |ainformatique|bc|2rdamedia/fre |
| 338 | |aressource en ligne|bcr|2rdacarrier/fre |
| 500 | |aPublié aussi en anglais sous le titre : Enhancing Access to Professional Sign Language Interpretation - call for concepts. |
| 500 | |aDisponible en streaming vidéo ou en fichier MP4 téléchargeable. |
| 546 | |aEn langue des signes québécoise; comprend du texte parlé et du sous-titrage en français. |
| 588 | |aDescription basée sur la ressource en ligne; titre de l'écran titre (Emploi et développement social Canada, consulté le 13 février 2024). |
| 650 | 6|aInterprètes gestuels|xFormation|zCanada|xFinances. |
| 650 | 6|aAmerican Sign Language|xTraduction|zCanada|xFinances. |
| 650 | 6|aLangue des signes québécoise|xTraduction|zCanada|xFinances. |
| 650 | 6|aPersonnes sourdes|xServices|zCanada|xFinances. |
| 650 | 6|aPersonnes sourdes|xPolitique gouvernementale|zCanada. |
| 655 | 7|aVidéos pour personnes handicapées auditives|2rvmgf |
| 655 | 7|aVidéos pour personnes handicapées visuelles|2rvmgf |
| 655 | 7|aVidéos sur Internet|2rvmgf |
| 710 | 1 |aCanada. |bEmploi et développement social Canada, |eorganisme de publication. |
| 775 | 08|tEnhancing Access to Professional Sign Language Interpretation - call for concepts.|w(CaOODSP)9.925155 |
| 856 | 40|qMP4|s843.05 Mo|uhttps://publications.gc.ca/collections/collection_2024/edsc-esdc/Em12-100-2023-fra.mp4 |
| 856 | 4 |qHTML|sS.O.|uhttps://www.canada.ca/fr/emploi-developpement-social/services/financement/acces-interpretation-langue-signes-etape-1.html |